Central Library OPAC University of Rajshahi
Normal view MARC view

Entry Personal Name

Number of records used in: 2

001 - CONTROL NUMBER

  • control field: 6033

003 - CONTROL NUMBER IDENTIFIER

  • control field: BD-RjUL

005 - DATE AND TIME OF LATEST TRANSACTION

  • control field: 20221127110240.0

008 - FIXED-LENGTH DATA ELEMENTS

  • fixed length control field: 221127|| aca||aabn | a|a d

040 ## - CATALOGING SOURCE

  • Original cataloging agency: BD-RjUL
  • Transcribing agency: BD-RjUL

100 ## - HEADING--PERSONAL NAME

  • Personal name: Joarder, O. I. Supervision

670 ## - SOURCE DATA FOUND

  • Source citation: Work cat.: (BD-RjUL)80849: Sikdar, Biswanth 6031, INDUCTION AND COMPARISON OF INDUCED AND NATURAL POLYPLOIDS OF MOMORDICA DIOICA :, 2001